000 01191nam a2200289 i 4500
001 000009312
003 DO-SdBNP
005 20240409073638.0
007 ta
008 090929t1957 dr 001 0 spa d
040 _aDO-SdBNP
_bspa
_cBNPHU
_erda
082 _a346.0432
_bP936j
_222
100 1 _aPrestol Castillo, Freddy,
_d1914-1981
_922071
245 1 0 _aJurisprudencia de tierra en la Era de Trujillo :
_bel litigio catastral en la Suprema Corte de Justicia, años desde 1930 hasta 1956 /
_cFreddy Prestol Castillo.
264 _aCiudad Trujillo, República Dominicana :
_bCaribe,
_c1957.
300 _axv, 450 paginas ;
_c25 cm.
336 _2rdacontent
_atexto
_btxt
337 _2rdamedia
_asin mediación
_bn
338 _2rdacarrier
_avolumen
_bnc
504 _aIncluye bibliografía y notas al pie de páginas.
590 _aInventariado, 2023 / DG
650 4 _aTenencia de la tierra
_xLegislación
_zRepública Dominicana
_vCASOS
_924040
650 4 _aRegistro de la propiedad
_xLegislación
_zRepública Dominicana
_vCASOS
_924041
650 4 _aCompraventa de bienes raíces
_zRepública Dominicana
_vCASOS
_924042
910 _aValidado. Control de calidad EMS.
942 _2ddc
_cLBS1
999 _c9072
_d9072